| 000 | 02793nam0a2200397 4500 | ||
|---|---|---|---|
| 001 | RU\NLR\BIBL_A\012844365 | ||
| 005 | 20220729114914.0 | ||
| 010 |
_a978-5-4396-2368-6 _93000 |
||
| 021 |
_aRU _bКН-П-22-027907 _9КН-П-22-2394 |
||
| 035 | _a(NLR Aleph) 012844365 | ||
| 035 | _a(RuMoRGB)011060308 | ||
| 090 |
_a12406037 _c12406037 |
||
| 100 | _a20220708d2022 k y0rusy50 ca | ||
| 101 | 0 | _arus | |
| 102 | _aRU | ||
| 105 | _ay z 000zy | ||
| 181 | 0 |
_ai4 _baxxe |
|
| 182 | 0 | _an | |
| 200 | 1 |
_aУголовно-правовая охрана цифровой экономики и информационного общества от киберпреступных посягательств: доктрина, закон, правоприменение _eмонография _fР. И. Дремлюга |
|
| 203 |
_aТекст _bвизуальный _cнепосредственный |
||
| 210 |
_aМосква _cЮрлитинформ _d2022 |
||
| 215 |
_a325, [1] с. _d22 |
||
| 225 | 1 | _aУголовное право | |
| 300 | _aНа обороте тит. с. авт.: Р. И. Дремлюга, канд. юрид. наук | ||
| 320 | _aБиблиогр.: с. 293-324 и в подстроч. примеч. | ||
| 330 | _aВ монографии на базе действующего российского уголовного законодательства и международного права, теоретических положений и обобщения судебной практики исследуются проблемы уголовно-правовой охраны цифровой экономики и информационного общества. На основании выводов, сделанных в работе, предлагаются рекомендации по совершенствованию российского уголовного законодательства. Предназначена для практических работников, студентов, аспирантов и преподавателей юридических учебных заведений | ||
| 606 | 1 |
_aПреступления, совершаемые с использованием информационных технологий _xБорьба с ними _2nlr_sh2 _3RU\NLR\AUTH\6601679105 |
|
| 606 | 1 |
_aКомпьютерные преступления _xУголовная ответственность _2nlr_sh2 _3RU\NLR\AUTH\661579312 |
|
| 686 | 1 | _aХ916.8 | |
| 686 | 1 | _aХ628.111.211 | |
| 686 | 1 | _aХ881.122.4 | |
| 700 | 1 |
_aДремлюга _bР. И. _gРоман Игоревич |
|
| 942 | _cBOOK | ||
| 980 | _aNB | ||